00405nam a2200109Ia 4500008004100000082000800041100001600049245011200065942000600177952009700183999001500280240331s9999 xx 000 0 und d bMAJ aMajupura, I 0aNepalese women :bstatus and role of Nepalese women in life-religious, social,economics,political and legal cL 001040708LaWERCLbWERCLcSSCd2024-03-31l0o 305.4 MAJp2076r2024-03-31w2024-03-31yL c1873d1873